| 000 | 00875cab a2200253 4500 | ||
|---|---|---|---|
| 001 | WB3407-02 | ||
| 008 | 090401t1998 xxu||||| |||| 00| 0 eng d | ||
| 035 | _a(Sirsi) u84301 | ||
| 041 | _aeng | ||
| 245 | _aBuilding taskforce plans | ||
| 260 | _c1998 | ||
| 350 | _a0 | ||
| 490 |
_aDETR News Release _v(101/ENV) 16 February 1998, (6) |
||
| 490 |
_aFinancial Times _v17 February 1998, 11 |
||
| 520 | _aThe construction taskforce which is to advise government on improving construction industry performance has published a progress report. The taskforce is due to deliver detailed performance targets in May. The progress report is attached. | ||
| 650 | _aCOMPETITIVENESS | ||
| 650 | _aCONSTRUCTION INDUSTRY | ||
| 650 | _aEFFICIENCY | ||
| 650 | _aPERFORMANCE TARGETS | ||
| 650 | _aTASKFORCE | ||
| 690 | _aBUILT ENVIRONMENT | ||
| 942 | _n0 | ||
| 948 | _c17/02/1998 | ||
| 999 |
_c52972 _d52972 |
||